Biblioteca

Judaism in the Greek period (Registro nro. 45926)

Detalles MARC
000 -LÍDER
Campo fijo de descripción fija 01240nam a22003137a 4500
001 - NÚMERO DE CONTROL
Campo de control 19564
003 - IDENTIFICADOR DEL NÚMERO DE CONTROL
Campo de control CO-MdFUSB
005 - FECHA Y HORA DE LA ULTIMA TRANSACCIÓN
control field 20220625062546.0
008 - ELEMENTOS DE LONGITUD FIJA -- INFORMACIÓN GENERAL
Campo fijo de descripción fija -- Información general 170809t1932 enk||||| |||| 00| 0 eng d
040 ## - FUENTE DE CATALOGACIÓN
Agencia de catalogación original CO-MdFUSB
Idioma de catalogación spa
Agencia que realiza la transcripción CO-MdFUSB
Agencia que realiza la modificación CO-MdFUSBC
Convenciones de la descripción rda
041 ## - CÓDIGO DE IDIOMA
Código de idioma para texto/pista de sonido o título separado eng
082 04 - NÚMERO DE CLASIFICACIÓN DECIMAL DEWEY
Número de clasificación G 221.95 B69j
100 1# - ASIENTO PRINCIPAL--NOMBRE PERSONAL
Nombre personal Box, G. H.
Término relacionador autor
245 10 - TÍTULO
Título del Material Judaism in the Greek period
Parte restante del título - Subtitulo : From the rise of Alexander the Great to the intervention of Rome (333 to 63 B.C.)
Mención de responsabilidad, etc. / G. H. Box
264 #4 - PRODUCCIÓN, PUBLICACIÓN, DISTRIBUCIÓN, MANUFACTURA, Y COPYRIGHT
Lugar de producción, publicación, distribución, manufactura Oxford, England :
Nombre del productor, publicador, distribuidor At the Clarendon Press,
Fecha de producción, publicación, distribución, manufactura, o copyright ©1932
300 ## - DESCRIPCIÓN FÍSICA
Extensión xiv, 239 páginas
336 ## - TIPO DE CONTENIDO
Fuente rdacontent
Término de tipo de contenido
Código de tipo de contenido
337 ## - TIPO DE MEDIO
Fuente rdamedia
Nombre del tipo de medio
Código del tipo de medio
338 ## - TIPO DE SOPORTE
Fuente rdacarrier
Nombre del tipo de soporte
Código Tipo de soporte
500 ## - NOTA GENERAL
Nota General Incluye índice (p. 233-239)
501 ## - NOTA DE “CON”
Nota de Contenido Pasta dura
505 00 - NOTA DE CONTENIDO
Nota de contenido con formato preestablecido El judaísmo en la época griega - Reseña histórica de la cercana oriente desde el cuarto al primer siglo antes de Cristo - El periodo griego pre-macabea (333-168 BC) - La época de los macabeos (168-63 BC) - Introducción y notas sobre pasajes seleccionados
650 #0 - ASIENTO SECUNDARIO DE MATERIA - TERMINO TEMÁTICO
Término temático o nombre geográfico como elemento de entrada Biblia
9 (RLIN) 16
650 #7 - ASIENTO SECUNDARIO DE MATERIA - TERMINO TEMÁTICO
Término temático o nombre geográfico como elemento de entrada Judaísmo
Subdivisión general Historia
Fuente del encabezamiento o término
9 (RLIN) 6884
653 ## - TÉRMINO DE INDIZACIÓN - NO CONTROLADO
Término no controlado Biblia A.T.
653 ## - TÉRMINO DE INDIZACIÓN - NO CONTROLADO
Término no controlado Biblia - Comentarios
653 ## - TÉRMINO DE INDIZACIÓN - NO CONTROLADO
Término no controlado Judaísmo - Historia - Período Greco-Romano, 332 a.C
942 ## - TIPO DE MATERIAL (KOHA)
Tipo de Item KOHA Libros General
Existencias
Estado de Material Estado de Perdido Estado de Dañado No para Préstamo Colección Tomo Biblioteca de Origen Biblioteca Permanente Fecha de Adquisición Total de Préstamos Signatura Topográfica Código de Barras Última vez visto Ejemplar/Existencia Fecha de Remplazo Tipo de Material
        Colección General   Biblioteca FUSBC Biblioteca FUSBC 27/04/2015   G 221.95 B69j 19624 12/12/2019 1 26/01/2016 Libros General

Biblioteca FUSBC | Teléfono: (57+4) 349 88 10 Ext. 141| WhatsApp (+57) 3005338115 
E-mail: biblioteca@unisbc.edu.co | Calle 76 87-14 Robledo Palenque, Medellín, Colombia

Con tecnología Koha